Manual de ingeniería municipal
Guardado en:
| Hovedforfatter: | |
|---|---|
| Andre forfattere: | , , , |
| Format: | Bog |
| Sprog: | Spanish |
| Udgivet: |
San José, Costa Rica
1991
|
| Fag: | |
| Tags: |
Tilføj Tag
Ingen Tags, Vær først til at tagge denne postø!
|
MARC
| LEADER | 00000nam a2200000Ia 4500 | ||
|---|---|---|---|
| 003 | 005123 | ||
| 005 | 20221231144329.0 | ||
| 008 | 140114s1991 cr a m 000 ||spa d | ||
| 040 | |c cru CEDI | ||
| 090 | |a TFG 2428 | ||
| 100 | |a Lima Calvo, Eduardo |9 12814 | ||
| 245 | |a Manual de ingeniería municipal | ||
| 260 | |c 1991 |a San José, Costa Rica | ||
| 300 | |a iv, [152] hojas : ilustraciones (algunas plegables) ; 28 cm. | ||
| 500 | |a Tesis (licenciatura en ingeniería civil)--Universidad de Costa Rica. Facultad de Ingeniería. Escuela de Ingeniería Civil | ||
| 650 | |x CONSTRUCCION |x INSPECCION |x MUNICIPALIDADES |9 12820 | ||
| 700 | |9 12815 |a Rojas Molina, Eddy | ||
| 700 | |9 12816 |a Selva Mora, Bayardo | ||
| 700 | |9 12817 |a Trejos Brenes, Roberto | ||
| 700 | |9 12818 |a Varela Ramírez, Mauricio | ||
| 942 | |c TFG |2 ddc | ||
| 999 | |c 20259 |d 20259 | ||
